| Record ID | marc_loc_2016/BooksAll.2016.part41.utf8:19630017:652 |
| Source | Library of Congress |
| Download Link | /show-records/marc_loc_2016/BooksAll.2016.part41.utf8:19630017:652?format=raw |
LEADER: 00652cam a22002177i 4500
001 2013399687
003 DLC
005 20130629080337.0
008 130510s2012 sp 000 0 spa
010 $a 2013399687
020 $a9788496972124
035 $a(SP-BaPL)pu130553555
040 $aDLC$beng$cDLC$dDLC$erda
050 00 $aMLCS 2013/44071 (PQ)
100 1 $aAdell Castán, José Antonio.
245 10 $aHeridas de guerra en un corazón altoaragonés /$cJosé Antonio Adell Castán.
264 1 $aHuesca :$bPirineo,$c[2012]
300 $a239 pages ;$c21 cm
336 $atext$2rdacontent
337 $aunmediated$2rdamedia
338 $avolume$2rdacarrier